000 00785nam a22002177a 4500
999 _c7726
_d7726
003 AR-CdUCM
008 190321b ||||| |||| 00| 0 spa d
040 _aMUNICIPALIDAD PROVINCIAL DEL CUSCO
_cBIBLIOTECA MUNICIPAL DEL CUSCO
082 _a551 /
_bR41
100 _aRenault, Philippe
_921820
245 _aLa Formacion de las Cavernas /
260 _aEspaña :
_boikos-tau ,
_c1971.
300 _a124 páginas ;
_c17.5 cm.
440 _a¿Que se?
_n60
_921821
505 _aContenido : Cavidades naturales -- Hidrografia e hidrologia cársica -- Los procesos espeleogenéticos -- Las ormas espeleológicas -- Las redes cársicas...
650 _aGeologia
_917044
650 _aGeomorfologia
_96691
650 _aHidrologia y la tierra
_921822
942 _2ddc
_cLIBROS
945 _artm